00727nam a2200181 a 450000100100000000500170001000800410002704000250006808200140009324500870010726000670019430000210026149000580028250000830034070000280042371000360045183000580048700003716620200930080201.0120220s1966 pr 000 0 spa d aDO-SdBNPbspacBNPHU axxxxbE5903aLa enseñanza de la lectura y la fonetica. /cdirección Ismael Rodríguez Bou. aRio Piedras, Puerto Rico :bUniversidad de Puerto Rico,c1966. a206 p. ;c23 cm.1 aPublicaciones pedagógicasaSerie 2v1966, núm. 32 aTrabajos de investigación auspiciados por el Consejo Superior de Enseñanza1 aRodríguez Bou, Ismael2 aConsejo Superior de Enseñanza 0aPublicaciones pedagógicaspSerie 2v1966, núm. 32